00938cam a22002534a 4500001001300000003000400013005001700017008004100034010001700075035002000092040001800112050001700130100005500147245010100202250002300303260005300326300002500379546001400404500011100418504005600529650003000585650005200615999001700667sa 65004661 DLC20260227112132.0890825s1965 ii b 000 0 hino  asa 65004661  a(OCoLC)20258306 aDLCcDLCdDLC00aPK1939b.S351 aŚarmā, Omprakāśa,d1924 September 24-1984.10aRītikālīna alaṅkāra-sāhitya kā śāstrīya vivecana /cOmprakāśa Śarmā. a1. saṃskaraṇa. aDillī :bHindī Sāhitya Saṃsāra,c1965. a12, 552 p. ;c24 cm. aIn Hindi. a"Pañjāba Viśvavidyālaya dvāra Pī.-Eca. Ḍī. upādhi ke lie svīkr̥ta śodha-prabandha." aIncludes bibliographical references (p. [547]-552). 0aHindi languagexRhetoric. 0aHindi poetryy1500-1800xHistory and criticism. c63875d63875